000 00290nam a2200145Ia 4500
100 _aDUNCAN/ TOM
942 _cBK
654 _aelectronics
245 _aSuccess in Electronics
260 _bB.P.B
_c1996
082 _a621.381
_bDUN
300 _a353
546 _aENGLISH
999 _c30372
_d30372